Evaluating Information: A Guide for Users of Social Science Research (Record no. 5174)
[ view plain ]
| 005 - DATE AND TIME OF LATEST TRANSACTION | |
|---|---|
| control field | 20250626055128.0 |
| 020 ## - INTERNATIONAL STANDARD BOOK NUMBER | |
| International Standard Book Number | 0-07-034309-8 |
| 082 ## - DEWEY DECIMAL CLASSIFICATION NUMBER | |
| Classification number | 300.72 KAT |
| 100 ## - MAIN ENTRY--PERSONAL NAME | |
| Author name | KATZER, J |
| 245 ## - TITLE STATEMENT | |
| Title | Evaluating Information: A Guide for Users of Social Science Research |
| 250 ## - EDITION STATEMENT | |
| Edition statement | 4th Ed. |
| 260 ## - PUBLICATION, DISTRIBUTION, ETC. | |
| Place of publication, distribution, etc. | Boston |
| Name of publisher, distributor, etc. | McGraw-Hill |
| Date of publication, distribution, etc. | 1998. |
| 300 ## - PHYSICAL DESCRIPTION | |
| Extent | xvi,297p. |
| Other physical details | Index |
| Dimensions | 23cm |
| 700 ## - ADDED ENTRY--PERSONAL NAME | |
| Other authors/Editors | Kenneth H. Cook |
| 700 ## - ADDED ENTRY--PERSONAL NAME | |
| Other authors/Editors | Wayne W. Crouch |
| 942 ## - ADDED ENTRY ELEMENTS (KOHA) | |
| Source of classification or shelving scheme | Dewey Decimal Classification |
| Koha item type | Books |
| Date last seen | Total checkouts | Full call number | Barcode | Cost, replacement price | Price effective from | Koha item type | Lost status | Source of classification or shelving scheme | Damaged status | Not for loan | Withdrawn status | Home library | Current library | Shelving location | Date acquired | Source of acquisition | Cost, normal purchase price |
|---|---|---|---|---|---|---|---|---|---|---|---|---|---|---|---|---|---|
| 06/26/2025 | 300.72 KAT | MZA0002175 | 150000.00 | 06/26/2025 | Books | Dewey Decimal Classification | CBE Mwanza | CBE Mwanza | General Collection | 07/16/2007 | Library Budget | 50000.00 | |||||
| 06/26/2025 | 300.72 KAT | MZA0002176 | 150000.00 | 06/26/2025 | Books | Dewey Decimal Classification | CBE Mwanza | CBE Mwanza | General Collection | 07/16/2007 | Library Budget | 50000.00 | |||||
| 06/26/2025 | 300.72 KAT | MZA0002177 | 150000.00 | 06/26/2025 | Books | Dewey Decimal Classification | CBE Mwanza | CBE Mwanza | General Collection | 07/16/2007 | Library Budget | 50000.00 | |||||
| 06/26/2025 | 300.72 KAT | MZA0002178 | 150000.00 | 06/26/2025 | Books | Dewey Decimal Classification | CBE Mwanza | CBE Mwanza | General Collection | 07/16/2007 | Library Budget | 50000.00 | |||||
| 06/26/2025 | 300.72 KAT | MZA0002179 | 150000.00 | 06/26/2025 | Books | Dewey Decimal Classification | CBE Mwanza | CBE Mwanza | General Collection | 07/16/2007 | Library Budget | 50000.00 | |||||
| 06/26/2025 | 300.72 KAT | MZA0002180 | 150000.00 | 06/26/2025 | Books | Dewey Decimal Classification | CBE Mwanza | CBE Mwanza | General Collection | 07/16/2007 | Library Budget | 50000.00 | |||||
| 06/26/2025 | 300.72 KAT | MZA0002181 | 150000.00 | 06/26/2025 | Books | Dewey Decimal Classification | CBE Mwanza | CBE Mwanza | General Collection | 07/16/2007 | Library Budget | 50000.00 | |||||
| 06/26/2025 | 300.72 KAT | MZA0002182 | 150000.00 | 06/26/2025 | Books | Dewey Decimal Classification | CBE Mwanza | CBE Mwanza | General Collection | 07/16/2007 | Library Budget | 50000.00 |
